[Event "Oberliga Ost-B 1718"]
[Site "Germany"]
[Date "2018.02.25"]
[Round "8.8"]
[White "Halt, David"]
[Black "Kuehner, Tobias"]
[Result "1-0"]
[WhiteElo "2042"]
[BlackElo "1755"]
[PlyCount "77"]
[EventDate "2017.10.22"]
[EventType "team-tourn"]
[EventRounds "11"]
[EventCountry "GER"]
[SourceTitle "EXT 2019"]
[Source "ChessBase"]
[SourceDate "2018.10.10"]
[SourceVersion "1"]
[SourceVersionDate "2018.10.10"]
[SourceQuality "1"]
[WhiteTeam "Kassel"]
[BlackTeam "Gernsheim"]
[WhiteTeamCountry "GER"]
[BlackTeamCountry "GER"]

1. e4 c5 2. Nc3 d6 3. f4 Nc6 4. Nf3 g6 5. Bb5 Bd7 6. a4 Bg7 7. 0-0 e6 8. Bc4 Nge7 9. d3 Nd4 10. Nb5 Nxb5 11. Bxb5 Nc6 12. c3 a6 13. Bc4 Na5 14. Ba2 b5 15. f5 Bf6 16. fxe6 Bxe6 17. Bxe6 fxe6 18. axb5 axb5 19. Bh6 Ra7 20. Qe2 Bg7 21. Bg5 Qd7 22. Be3 0-0 23. e5 Raa8 24. Bf2 Nc6 25. exd6 Qxd6 26. Ng5 Ne5 27. Rad1 Qe7 28. Ne4 Rac8 29. d4 cxd4 30. cxd4 Nc4 31. Nc5 Rfe8 32. Rfe1 e5 33. b3 Nd6 34. dxe5 Qxe5 35. Qd3 Qf4 36. Ne6 Rxe6 37. Rxe6 Nf5 38. Qd7 Rf8 39. Re8 1-0

[Event "Pfalz op-B 8th"]
[Site "Neustadt an der Weinstrasse"]
[Date "2017.02.26"]
[Round "5"]
[White "Kuehner, Tobias"]
[Black "Pek, Istvan"]
[Result "1/2-1/2"]
[WhiteElo "1763"]
[BlackElo "1830"]
[PlyCount "67"]
[EventDate "2017.02.24"]
[EventType "swiss"]
[EventRounds "7"]
[EventCountry "GER"]
[SourceTitle "CBM 177 Extra"]
[Source "ChessBase"]
[SourceDate "2017.04.27"]
[SourceVersion "1"]
[SourceVersionDate "2017.04.27"]
[SourceQuality "1"]

1. d4 Nf6 2. Nf3 e6 3. c4 b6 4. Nc3 Bb7 5. e3 Be7 6. Bd3 c5 7. b3 0-0 8. Bb2 cxd4 9. exd4 d5 10. 0-0 Nc6 11. cxd5 Nxd5 12. Nxd5 Qxd5 13. Bc4 Qd8 14. d5 exd5 15. Qxd5 Na5 16. Qxd8 Rfxd8 17. Be2 Rac8 18. Rac1 Kf8 19. Nd4 Bg5 20. Ba3+ Kg8 21. Rxc8 Bxc8 22. Nf3 Bf6 23. Rc1 g5 24. h3 Be6 25. Rc7 Rd7 26. Rxd7 Bxd7 27. Bd6 Nc6 28. Bb5 h6 29. Kf1 Bc3 30. Ne1 Nb8 31. Bxd7 Nxd7 32. Nd3 f5 33. Bb4 Bd4 34. Ke2 1/2-1/2

[Event "Rheinland Pfalz op 6th"]
[Site "Gau Algesheim"]
[Date "2014.06.22"]
[Round "7"]
[White "Schloeffel, Christian"]
[Black "Kuehner, Tobias"]
[Result "1-0"]
[WhiteElo "1906"]
[BlackElo "1754"]
[PlyCount "113"]
[EventDate "2014.06.19"]
[EventType "swiss"]
[EventRounds "7"]
[EventCountry "GER"]
[SourceTitle "CBM 161 Extra"]
[Source "ChessBase"]
[SourceDate "2014.08.29"]
[SourceVersion "1"]
[SourceVersionDate "2014.08.29"]
[SourceQuality "1"]

1. e4 c5 2. Nf3 d6 3. Bb5+ Bd7 4. Bxd7+ Nxd7 5. c4 Ngf6 6. Nc3 e6 7. 0-0 Be7 8. d4 cxd4 9. Nxd4 0-0 10. Kh1 Rc8 11. b3 Nc5 12. f3 Nfd7 13. Ndb5 Qb6 14. Be3 a6 15. Na4 Qd8 16. Nxc5 Nxc5 17. Nc3 Bf6 18. Rc1 Rc6 19. Rf2 Bg5 20. f4 Bf6 21. Bxc5 dxc5 22. Rd2 Qc8 23. e5 Be7 24. Rcc2 Rc7 25. Rd3 Rd8 26. Rxd8+ Qxd8 27. Rd2 Qe8 28. Ne4 Rc8 29. Nd6 Bxd6 30. Rxd6 h6 31. Qf3 Qe7 32. Qd3 Qc7 33. Qd2 Rb8 34. h3 Rc8 35. Kh2 Kf8 36. Rd7 Qb6 37. Rxf7+ Kxf7 38. Qd7+ Kg6 39. Qxc8 Kf5 40. Qf8+ Kg6 41. g4 Kh7 42. Qd6 Qa5 43. Qd3+ Kh8 44. a4 Qe1 45. Kg2 Qc1 46. Qf3 Qd2+ 47. Qf2 Qd3 48. Qxc5 Qxb3 49. f5 exf5 50. Qf8+ Kh7 51. Qxf5+ Kh8 52. e6 Qb2+ 53. Kg3 Qc3+ 54. Kh4 Qe1+ 55. Kh5 Qe3 56. Kg6 Qa3 57. c5 1-0

[Event "Rheinland Pfalz op 6th"]
[Site "Gau Algesheim"]
[Date "2014.06.21"]
[Round "6"]
[White "Kuehner, Tobias"]
[Black "Link, Marcel"]
[Result "1-0"]
[WhiteElo "1754"]
[BlackElo "1579"]
[PlyCount "73"]
[EventDate "2014.06.19"]
[EventType "swiss"]
[EventRounds "7"]
[EventCountry "GER"]
[SourceTitle "CBM 161 Extra"]
[Source "ChessBase"]
[SourceDate "2014.08.29"]
[SourceVersion "1"]
[SourceVersionDate "2014.08.29"]
[SourceQuality "1"]

1. d4 e6 2. Nf3 Nf6 3. c4 d5 4. Nc3 Bb4 5. Bd2 Bxc3 6. Bxc3 0-0 7. e3 Nc6 8. c5 b6 9. b4 Ne4 10. Qc1 Bb7 11. b5 Ne7 12. c6 Bc8 13. Bd3 Ng6 14. 0-0 Qd6 15. Bb2 Qd8 16. Qc2 Nd6 17. a4 a6 18. h3 a5 19. Bxg6 fxg6 20. Ne5 Ne4 21. f3 Ng3 22. Rfe1 Qg5 23. Kh2 Nf5 24. Qf2 Re8 25. Bc1 Nd6 26. Qg3 Qf5 27. Re2 Ra7 28. Qf2 Nf7 29. Nxf7 Qxf7 30. Qg3 Qf5 31. e4 dxe4 32. fxe4 Qf1 33. Qf2 Qd1 34. Bb2 Qd3 35. Rf1 e5 36. d5 Kh8 37. Qf8+ 1-0

[Event "Rheinland Pfalz op 6th"]
[Site "Gau Algesheim"]
[Date "2014.06.19"]
[Round "1"]
[White "Werner, Dimo"]
[Black "Kuehner, Tobias"]
[Result "1-0"]
[WhiteElo "2100"]
[BlackElo "1754"]
[PlyCount "61"]
[EventDate "2014.06.19"]
[EventType "swiss"]
[EventRounds "7"]
[EventCountry "GER"]
[SourceTitle "CBM 161 Extra"]
[Source "ChessBase"]
[SourceDate "2014.08.29"]
[SourceVersion "1"]
[SourceVersionDate "2014.08.29"]
[SourceQuality "1"]

1. d4 d5 2. Nf3 e6 3. c4 Nf6 4. Nc3 Be7 5. Bg5 dxc4 6. e3 0-0 7. Bxc4 Nc6 8. 0-0 b6 9. Rc1 Bb7 10. Qe2 a6 11. Rfd1 Nd5 12. Nxd5 exd5 13. Bxe7 Nxe7 14. Bd3 a5 15. Qc2 Nc6 16. a3 Rc8 17. Bxh7+ Kh8 18. Bf5 Ra8 19. Qe2 Qf6 20. Bd3 Rfe8 21. Rc3 Re6 22. Rdc1 Rd8 23. b3 Kg8 24. Bb5 Rdd6 25. Qd2 Ba8 26. Be2 Kf8 27. R3c2 Qh6 28. b4 axb4 29. axb4 Ne7 30. Rxc7 Rc6 31. b5 1-0

[Event "Hessen-ch U14"]
[Site "Bad Homburg"]
[Date "2014.04.16"]
[Round "4"]
[White "Kuehner, Tobias"]
[Black "Thomsen, Phil"]
[Result "0-1"]
[WhiteElo "1754"]
[BlackElo "1662"]
[PlyCount "92"]
[EventDate "2014.04.??"]
[EventType "swiss"]
[EventRounds "7"]
[EventCountry "GER"]
[SourceTitle "EXT 2022"]
[Source "ChessBase"]
[SourceDate "2021.10.06"]
[SourceVersion "1"]
[SourceVersionDate "2021.10.06"]
[SourceQuality "1"]

1. d4 Nf6 2. c4 c5 3. e3 g6 4. Nc3 Bg7 5. Bd3 cxd4 6. exd4 0-0 7. Nf3 d5 8. Bf4 Nc6 9. 0-0 Bg4 10. Be2 dxc4 11. d5 Na5 12. h3 Bf5 13. Rc1 Rc8 14. d6 exd6 15. Bxd6 Re8 16. Bb4 Nc6 17. Qxd8 Rcxd8 18. Ba3 b5 19. b4 a6 20. Rfe1 Ne4 21. Nxe4 Bxe4 22. Bxc4 bxc4 23. Rxc4 Bxf3 24. Rxe8+ Rxe8 25. gxf3 Re6 26. Kg2 h5 27. Bc1 Bd4 28. a3 Bf6 29. Be3 Ne5 30. Rc2 Rc6 31. Ra2 Nc4 32. Bc5 Be5 33. Kg1 f6 34. Kg2 Kf7 35. Kf1 Ke6 36. Re2 Kd5 37. a4 Bd6 38. Bxd6 Rxd6 39. Re8 Nb2 40. a5 Nd3 41. Re4 Re6 42. Rxe6 Kxe6 43. b5 Nc5 44. b6 Nb7 45. Ke2 Nxa5 46. Kd3 Kd5 0-1

[Event "Hessen-ch U14"]
[Site "Bad Homburg"]
[Date "2014.04.16"]
[Round "3"]
[White "Reichelt, Florian"]
[Black "Kuehner, Tobias"]
[Result "1-0"]
[WhiteElo "1505"]
[BlackElo "1754"]
[PlyCount "29"]
[EventDate "2014.04.??"]
[EventType "swiss"]
[EventRounds "7"]
[EventCountry "GER"]
[SourceTitle "EXT 2022"]
[Source "ChessBase"]
[SourceDate "2021.10.06"]
[SourceVersion "1"]
[SourceVersionDate "2021.10.06"]
[SourceQuality "1"]

1. e4 c5 2. Nf3 d6 3. d4 cxd4 4. Nxd4 Nf6 5. Nc3 a6 6. h3 e6 7. f4 Nbd7 8. Be3 Be7 9. Qf3 0-0 10. 0-0-0 e5 11. Nf5 Nb8 12. fxe5 Bxf5 13. exf6 Bxf6 14. exf5 Qc7 15. Nd5 1-0

[Event "Karl Mala Memorial op-B 16th"]
[Site "Frankfurt"]
[Date "2013.07.12"]
[Round "2"]
[White "Kuehner, Tobias"]
[Black "Patzak, Corinna"]
[Result "1-0"]
[WhiteElo "1412"]
[BlackElo "1172"]
[PlyCount "65"]
[EventDate "2013.07.11"]
[EventType "swiss"]
[EventRounds "7"]
[EventCountry "GER"]
[SourceTitle "CBM 155 Extra"]
[Source "ChessBase"]
[SourceDate "2013.08.26"]
[SourceVersion "1"]
[SourceVersionDate "2013.08.26"]
[SourceQuality "1"]

1. d4 d5 2. c4 e6 3. Nc3 Nf6 4. Bg5 Nbd7 5. Nf3 h6 6. Bxf6 Nxf6 7. e3 Be7 8. c5 c6 9. Bd3 0-0 10. 0-0 b6 11. b4 a5 12. a3 Nd7 13. Nd2 e5 14. Bf5 exd4 15. exd4 Nf6 16. Bd3 b5 17. Nf3 Nh5 18. Ne5 Nf4 19. Nxc6 Qc7 20. Bxb5 Ba6 21. Nxe7+ Qxe7 22. Bxa6 Rxa6 23. Qf3 Qf6 24. Nxd5 Nxd5 25. Qxd5 Rd8 26. Qe5 Rxd4 27. Qxf6 gxf6 28. b5 Ra8 29. b6 Rb8 30. Rfc1 Rd5 31. c6 Rb5 32. c7 Rc8 33. Rab1 1-0

[Event "Hessen-ch U12"]
[Site "Bad Homburg"]
[Date "2013.??.??"]
[Round "7"]
[White "Flach, Helene"]
[Black "Kuehner, Tobias"]
[Result "0-1"]
[WhiteElo "1148"]
[BlackElo "1344"]
[PlyCount "42"]
[EventDate "2013.03.??"]
[EventType "swiss"]
[EventRounds "9"]
[EventCountry "GER"]
[SourceTitle "EXT 2014"]
[Source "ChessBase"]
[SourceDate "2013.11.20"]
[SourceVersion "1"]
[SourceVersionDate "2013.11.20"]
[SourceQuality "1"]

1. e4 c5 2. Nf3 d6 3. d4 cxd4 4. Nxd4 Nf6 5. Nc3 a6 6. Bd3 e6 7. Be3 Be7 8. f3 0-0 9. Qd2 Nbd7 10. Qf2 Ne5 11. 0-0-0 Qc7 12. h4 b5 13. g4 Nfd7 14. g5 Nc5 15. Be2 b4 16. f4 bxc3 17. fxe5 cxb2+ 18. Kxb2 Rb8+ 19. Kc1 Nxe4 20. Qg2 Nc3 21. Rdg1 Nxa2+ 0-1

[Event "Hessen-ch U12"]
[Site "Bad Homburg"]
[Date "2013.??.??"]
[Round "4"]
[White "Kuehner, Tobias"]
[Black "Gerlach, Manuel"]
[Result "1-0"]
[WhiteElo "1344"]
[BlackElo "1003"]
[PlyCount "59"]
[EventDate "2013.03.??"]
[EventType "swiss"]
[EventRounds "9"]
[EventCountry "GER"]
[SourceTitle "EXT 2014"]
[Source "ChessBase"]
[SourceDate "2013.11.20"]
[SourceVersion "1"]
[SourceVersionDate "2013.11.20"]
[SourceQuality "1"]

1. d4 d5 2. c4 e6 3. Nc3 Nf6 4. Bg5 Nbd7 5. Nf3 c6 6. e3 Qa5 7. Bxf6 Nxf6 8. Bd3 Bb4 9. Qc2 0-0 10. 0-0 Bxc3 11. bxc3 Qc7 12. cxd5 exd5 13. Ne5 Rd8 14. f4 Be6 15. Rf3 Ne4 16. Bxe4 dxe4 17. Rg3 Bf5 18. Qe2 c5 19. Qh5 Rf8 20. Qxf5 cxd4 21. cxd4 Qc3 22. Rf1 Rac8 23. Qg5 g6 24. Nd7 Rfd8 25. Nf6+ Kg7 26. Nxh7 Kxh7 27. Rh3+ Kg7 28. Qe5+ f6 29. Qe7+ Kg8 30. Qxf6 1-0

[Event "Hessen-ch U12"]
[Site "Bad Homburg"]
[Date "2013.??.??"]
[Round "8"]
[White "Kuehner, Tobias"]
[Black "Viol, Julius"]
[Result "1/2-1/2"]
[WhiteElo "1344"]
[BlackElo "1080"]
[PlyCount "66"]
[EventDate "2013.03.??"]
[EventType "swiss"]
[EventRounds "9"]
[EventCountry "GER"]
[SourceTitle "EXT 2014"]
[Source "ChessBase"]
[SourceDate "2013.11.20"]
[SourceVersion "1"]
[SourceVersionDate "2013.11.20"]
[SourceQuality "1"]

1. d4 d5 2. c4 Nc6 3. Nc3 e6 4. Nf3 Nf6 5. Bg5 Be7 6. e3 h6 7. Bxf6 Bxf6 8. Be2 b6 9. 0-0 Bb7 10. cxd5 exd5 11. Bd3 a6 12. Re1 Nb4 13. Bf5 0-0 14. a3 Nc6 15. Bc2 g6 16. Qb1 Kg7 17. Nd2 Qd6 18. Rf1 Rfe8 19. Bd3 Red8 20. f4 Re8 21. Rf3 Ne7 22. Qc2 Red8 23. Nf1 Re8 24. Ng3 Bh4 25. f5 Bxg3 26. Rxg3 Qf6 27. Rf1 g5 28. Qe2 Bc8 29. Qf3 c6 30. e4 dxe4 31. Nxe4 Qxd4+ 32. Kh1 f6 33. Rf2 Rb8 1/2-1/2

[Event "Hessen-ch U12"]
[Site "Bad Homburg"]
[Date "2012.??.??"]
[Round "7"]
[White "Kuehner, Tobias"]
[Black "Khani Alemouti, Elias"]
[Result "1-0"]
[WhiteElo "963"]
[BlackElo "1093"]
[PlyCount "79"]
[EventDate "2012.04.??"]
[EventType "swiss"]
[EventRounds "9"]
[EventCountry "GER"]
[SourceTitle "EXT 2015"]
[Source "ChessBase"]
[SourceDate "2014.11.20"]
[SourceVersion "1"]
[SourceVersionDate "2014.11.20"]
[SourceQuality "1"]

1. e4 e5 2. Nf3 Nc6 3. Bc4 d6 4. Nc3 Be7 5. d3 Bg4 6. h3 Bh5 7. g4 Bg6 8. h4 h6 9. h5 Bh7 10. Be3 Nf6 11. g5 hxg5 12. Nxg5 Rf8 13. Nxh7 Nxh7 14. h6 gxh6 15. Bxh6 Rg8 16. Qf3 Nf6 17. 0-0-0 Qd7 18. Rdg1 0-0-0 19. Bxf7 Rxg1+ 20. Rxg1 Kb8 21. Bb3 Rh8 22. Bg7 Rg8 23. Bxg8 Nd4 24. Qd1 Qe8 25. Bxf6 Bxf6 26. Bd5 Ne6 27. Qg4 Ng7 28. Qg6 Qxg6 29. Rxg6 Ne8 30. Rg8 c6 31. Rxe8+ Kc7 32. Be6 Kb6 33. b3 Bh4 34. Na4+ Kb5 35. Rb8 b6 36. Bc4+ Kb4 37. c3+ Ka3 38. Ra8 b5 39. Rxa7 Bxf2 40. Nc5# 1-0